Κλιματική αλλαγή : το περιβάλλον μετά τη διεθνή διάσκεψη των ΗΕ στο Μπαλί

Αποθηκεύτηκε σε:
Λεπτομέρειες βιβλιογραφικής εγγραφής
Άλλοι συγγραφείς: Τσάλτας, Γρηγόρης Ι., 1950- (Επιμελητής έκδοσης)
Μορφή: Βιβλίο
Γλώσσα:Greek
Δημοσίευση: Αθήνα : Ι. Σιδέρης, 2009
Θέματα:
Ετικέτες: Προσθήκη ετικέτας
Δεν υπάρχουν, Καταχωρήστε ετικέτα πρώτοι!

MARC

LEADER 00000cam a2200000 i 4500
001 1/14231
008 110720s2009 gre d
020 |a 978-960-08-0473-7 
035 |l 10110502 
040 |a GR-MY-UA  |b gre  |e aacr 
041 0 |a gre 
082 0 |a 363.7387  |2 (22) 
245 1 0 |a Κλιματική αλλαγή :  |b το περιβάλλον μετά τη διεθνή διάσκεψη των ΗΕ στο Μπαλί /  |c Γρηγόρης Ι. Τσάλτας, επιμέλεια-παρουσίαση 
260 |a Αθήνα :   |b Ι. Σιδέρης,   |c 2009 
300 |a 453 σ.;  |c 24 εκ. 
500 |a Ημερίδα που αφιερώθηκε στα αποτελέσματα της διάσκεψης των Ηνωμένων Εθνών στο Μπαλί της Ινδονησίας τον Δεκέμβριο του 2007 
500 |a Πάντειον Πανεπιστήμιο - Παρατηρητήριο Πολιτικής και Δικαίου για την Κλιματική Αλλαγή Ευρωπαϊκού Κέντρου Περιβαλλοντικής Έρευνας και Κατάρτισης 
650 0 0 |a Climatic changes  |x Environmental aspects. 
650 0 0 |a Climatic changes  |x International cooperation. 
650 0 0 |a Climatic changes  |x Government policy. 
700 1 |a Τσάλτας, Γρηγόρης Ι.,   |d 1950-  |4 edt 
852 |a INST  |b LESVOS  |e 20110720  |h 363.7387 ΚΛΙ  |p 005100049745  |q 005100049745  |t BK  |y 0 
901 |a BIBL1-2011-2 
909 |a Λ  |b 169555 
970 |a ΤΖΑΦΕΡΗ  |b ΕΥΑΓΓΕΛΙΑ  |z 2011/07/20